00945nam a2200253Ia 450000500170000000800350001702000180005210000320007024500740010225000220017630000780019865000510027665000510032765000360037865000410041465000410045570000310049626400300052733600270055733700330058433800280061704000350064508400110068020220317000248.0141031s2008 s a0 sga d s 0j a97884963887101 aBallesteros, Xoséd1956 -10aImagina animalescXosé Ballesteros ; ilustraciones de Juan Vidaurre aSegunda edición a[25] páginas sin enumerarbilustraciones y fotografías a colorc21 cm142LEMBaCuentos infantiles españolesySiglo XX142LEMBaLiteratura infantil españolaySiglo XX142LEMBaAnimales en la literatura142LEMBaImaginación en la literatura142LEMBaLibros ilustrados para niños1 aVidaurre, Juaneilustrador aSevillabKalandrakac2008 atextobtxt2rdacontent asin mediaciónbn2rdamedia avolumenbnc2rdacarrier aCO-BoRNBPbspaerdacCO-BoRNBP aC BAL4